[Event "46th Roda Open 2019"]
[Site "La Roda"]
[Date "2019.04.17"]
[Round "1.1"]
[White "Ribes Peris, Alvaro"]
[Black "Predke, Alexandr"]
[Result "0-1"]
[WhiteElo "1977"]
[BlackElo "2619"]
[Annotator "TA"]
[PlyCount "54"]
[EventDate "2019.04.17"]
[EventType "swiss"]
[EventCountry "ESP"]
[SourceTitle "playchess.com"]
[Source "ChessBase"]
[SourceQuality "1"]

{[%evp 13,54,1,38,31,32,39,31,43,64,42,50,41,48,39,41,0,14,-3,28,-51,-51,-36,-7,-2,0,-47,-51,-129,-125,-133,-110,-99,-115,-126,-88,-253,-260,-335,-338,-350,-338,-343,-335]} 1. d4 Nf6 2. c4 e6 3. Nc3 Bb4 4. e3 c5 5. Bd3 Nc6 6. Nge2 O-O 7. O-O d6 8. a3 {E41: Nimzo-Indian: Rubinstein: 4...c5 5 Bd3, including Hübner Variation} Ba5 9. Bc2 (9. Ne4 e5 {½-½ (9) Di Berardino,D (2516)-Rodriguez Vila,A (2459) Florianopolis 2018}) 9... Qe7 10. b3 {White is slightly better.} Bd7 $146 ({Predecessor:} 10... a6 11. Bb2 Rb8 12. Nf4 Rd8 13. Ne4 Nxe4 14. Bxe4 cxd4 15. b4 d5 16. cxd5 exd5 17. Bxh7+ Kxh7 18. bxa5 {1-0 (40) Alterman,B-Pogorelov,R Lvov 1988}) 11. Bb2 cxd4 12. exd4 d5 13. c5 Bc7 14. Ng3 Ne8 15. Qd3 {[%csl Gc2][%cal Rd3h7] [#]} f5 16. Rad1 (16. Nge2 $11) 16... Qh4 $1 $15 17. Rfe1 Nf6 18. Nf1 Ne4 (18... Ng4 $5 19. g3 $8 Qh3 $11) 19. g3 Qh3 20. Bc1 (20. f3 $15 Ng5 21. f4) 20... Nxc3 $17 21. Qxc3 f4 {Threatens to win with ...f3.} 22. Qd3 e5 23. dxe5 f3 $40 {[%csl Gf3][%cal Rh3g2][%mdl 128] [#] Black wants a kill.} 24. Ne3 $2 (24. Qxh7+ $17 Qxh7 25. Bxh7+ Kxh7 26. e6) 24... d4 $19 {Black has a decisive advantage.} 25. Qxh7+ Qxh7 26. Bxh7+ Kxh7 27. Nc4 Be6 {Accuracy: White = 39%, Black = 85%.} 0-1

[Event "46th Roda Open 2019"]
[Site "La Roda"]
[Date "2019.04.17"]
[Round "1.2"]
[White "Grachev, Boris"]
[Black "Castro Arguello, David"]
[Result "1-0"]
[WhiteElo "2618"]
[BlackElo "1976"]
[Annotator "TA"]
[PlyCount "133"]
[EventDate "2019.04.17"]
[EventType "swiss"]
[EventCountry "ESP"]
[SourceTitle "playchess.com"]
[Source "ChessBase"]
[SourceQuality "1"]

{[%evp 22,133,33,38,35,37,59,52,61,42,107,33,120,118,113,112,126,119,120,95,128,138,169,164,318,97,124,111,281,157,291,267,251,150,158,158,158,154,154,155,160,156,156,151,170,145,149,136,144,144,167,169,165,162,172,127,181,184,201,196,198,187,177,179,203,192,119,104,234,224,227,217,225,224,217,215,229,238,237,237,211,229,276,268,268,264,247,251,223,213,210,190,186,164,208,204,6107,12798,5612,5197,4710,4134,29981,29982,29984,29985,29991,29992,29992,29993,29993,29994,29995,1650]} 1. Nf3 Nf6 2. c4 e6 3. Nc3 d5 4. e3 Be7 5. b3 O-O 6. Bb2 c5 7. cxd5 exd5 8. d4 Nc6 9. Be2 Bg4 10. dxc5 Bxc5 11. O-O a6 12. Rc1 Qd6 {D32: Tarrasch Defence: Sidelines and lines without g3} (12... Ba7 13. Nd4 Bd7 14. Nxc6 Bxc6 15. Bf3 Ne4 16. Ne2 Ng5 17. Nd4 Bxd4 18. Qxd4 Nxf3+ 19. gxf3 Qg5+ 20. Kh1 {½-½ (28) Flores,D (2599)-Mekhitarian,K (2531) Santos 2012}) 13. h3 Bxf3 14. Bxf3 {[%cal Rc3d5]} Rfd8 $146 {White is slightly better.} ({Predecessor:} 14... Rad8 15. Ne2 Ba7 16. Nd4 g6 17. Nxc6 bxc6 18. Qd3 c5 19. Bxf6 Qxf6 20. Bxd5 {1-0 (38) Vistinietzki,I-Kirillov,V Minsk 1957}) 15. Qc2 Ne5 (15... Ba3 $14) 16. Be2 (16. Bxd5 $16 Nxd5 17. Ne4 {[%mdl 64] Discovered Attack} Nxe3 18. Nxd6 Nxc2 19. Nxb7 {[%mdl 64] Double Attack}) 16... Rac8 (16... Ba3 $14) 17. Na4 $36 {[%cal Ra4c5][%mdl 2048] White has strong initiative.} Ned7 18. Nxc5 Rxc5 19. Qf5 Rc6 20. Bd3 Qe6 21. Qf4 Nc5 22. Bf5 Qd6 $2 (22... Qe7 23. Qh4 h6) 23. Qh4 $2 (23. Qxd6 $1 $18 {is the precise move to win.} Rdxd6 24. Ba3) 23... Nce4 24. Rfd1 g6 $2 (24... Rxc1 $16 25. Rxc1 h6) 25. Bxe4 (25. Rxc6 $1 $18 bxc6 26. Bxe4 Nxe4 27. f3) 25... Nxe4 (25... Rxc1 $16 {is a better defense.} 26. Rxc1 Nxe4) 26. Rxc6 $18 bxc6 {[#]} 27. Be5 $1 {[%mdl 512]} Qf8 $16 (27... Qxe5 28. Qxd8+) 28. f3 f6 29. Bb2 ({Don't do} 29. fxe4 $6 fxe5 30. Rf1 Qd6 $14) 29... Ng5 30. Qf4 Ne6 31. Qxf6 Qxf6 32. Bxf6 {[%mdl 4096] Endgame KRB-KRN} Rd7 33. b4 Kf7 34. Be5 Nd8 35. Rc1 Ke6 36. Bg3 g5 37. h4 h6 38. Kf2 Rb7 (38... a5 $16 {was called for.}) 39. a3 $18 Kd7 40. hxg5 hxg5 41. Rh1 Nf7 42. Rh7 Ke6 43. Rg7 $1 a5 44. bxa5 Ra7 (44... Kf6 $16 {was worth a try.} 45. Rg8 Ra7) 45. Rg6+ Kd7 46. Rf6 $1 {[%cal Rf6f7]} Nd8 47. Rd6+ Ke7 48. Rh6 {Black must now prevent Bd6+.} Rxa5 49. Bc7 Ra6 {[#]} 50. Bxd8+ $1 Kxd8 {[#] KR-KR} 51. g4 $1 Kd7 52. Rg6 Rxa3 53. Rxg5 Ra2+ 54. Kg3 Rd2 55. Rg7+ Kd6 56. Rg6+ Kd7 57. g5 c5 58. Ra6 {And now g6 would win.} c4 $2 (58... Re2 59. Ra3 Ke6) 59. g6 Ke7 60. Ra7+ Kf8 61. f4 Rd3 62. f5 {White mates.} Rxe3+ 63. Kf4 Re1 64. f6 Rf1+ 65. Ke5 {[%cal Ra7a8]} Re1+ 66. Kd6 Re8 67. g7+ {Accuracy: White = 73%, Black = 37%.} 1-0

[Event "46th Roda Open 2019"]
[Site "La Roda"]
[Date "2019.04.17"]
[Round "1.3"]
[White "Gonzalez Manchon, Juan Miguel"]
[Black "Perez Candelario, Manuel"]
[Result "1/2-1/2"]
[WhiteElo "1974"]
[BlackElo "2615"]
[Annotator "TA"]
[PlyCount "50"]
[EventDate "2019.04.17"]
[EventType "swiss"]
[EventCountry "ESP"]
[SourceTitle "playchess.com"]
[Source "ChessBase"]
[SourceQuality "1"]

{[%evp 9,50,4,16,4,7,-34,9,-7,10,9,5,6,8,-68,-65,-63,-52,-77,-53,-87,-47,-252,-239,-245,-268,-492,-365,-403,-383,-479,-462,-759,-744,-709,-739,-647,-635,-558,-348,-321,-310,-5277,-2203]} 1. d4 d6 2. c4 e5 3. Nf3 e4 4. Ng5 f5 5. Nh3 Be7 (5... Nf6 6. Bg5 h6 7. Bxf6 Qxf6 8. e3 g5 9. Nc3 c6 10. Qh5+ Qf7 11. Be2 Bg7 12. Qxf7+ Kxf7 13. Kd2 {½-½ (50) Rakhmanov,A (2669)-Andreikin,D (2708) Sochi 2017}) 6. Nf4 {A41: 1 d4 d6: Tartakower System and Modern Defence} Nf6 7. Nd5 $146 ({Predecessor:} 7. Nc3 c6 8. e3 O-O 9. h4 Na6 10. Bd2 Nc7 11. d5 Ng4 12. Be2 Ne5 13. h5 {1-0 (33) Petkov,V (2443)-Carlier,B (2437) France 2007}) 7... O-O 8. Nbc3 {The position is equal.} Be6 9. Nxe7+ Qxe7 10. e3 c5 11. Nd5 ({Better is} 11. b3 $11) 11... Bxd5 12. cxd5 Nbd7 13. b3 Rac8 14. Bb2 f4 ({Don't play} 14... Nxd5 $6 15. dxc5 Rxc5 16. Bc4 $11) 15. dxc5 $2 (15. exf4 $15 Nxd5 16. g3) 15... fxe3 $19 ({Don't take} 15... Nxc5 16. Be2 $17) (15... Rxc5 16. Bd4 $15) 16. fxe3 Nxc5 {[#] ...Nd3+! is the strong threat.} (16... Rxc5 17. Bd4 $15) 17. Bd4 $2 (17. Rc1 {only move.}) 17... Nfd7 18. Rc1 Ne5 ({Weaker is} 18... Qf7 19. Rc2 $17) 19. Bxe5 Qxe5 20. Rc2 {[#]} (20. Rc4 $142 Qf6 21. Be2) 20... Nd3+ $1 {[%mdl 512]} 21. Bxd3 exd3 {[%mdl 64] Discovered Attack} 22. Qxd3 Rxc2 23. Qxc2 {White hopes to continue with Ke2.} Qxe3+ 24. Kd1 Qd4+ 25. Kc1 $2 (25. Qd2 Qa1+ 26. Qc1 Qd4+ 27. Qd2 Qa1+ 28. Qc1 Qd4+ 29. Qd2) 25... Qa1+ {[%mdl 32768] Accuracy: White = 19%, Black = 57%. . An unexpected result.} 1/2-1/2

[Event "46th Roda Open 2019"]
[Site "La Roda"]
[Date "2019.04.17"]
[Round "1.4"]
[White "Popov, Ivan"]
[Black "De Lucas Bello, Federico"]
[Result "1-0"]
[WhiteElo "2585"]
[BlackElo "1973"]
[Annotator "TA"]
[PlyCount "65"]
[EventDate "2019.04.17"]
[EventType "swiss"]
[EventCountry "ESP"]
[SourceTitle "playchess.com"]
[Source "ChessBase"]
[SourceQuality "1"]

{[%evp 12,65,25,22,46,21,23,13,39,29,45,29,59,59,58,41,153,70,81,-45,116,79,71,47,67,47,114,102,191,150,203,203,192,163,293,290,285,293,333,335,511,478,530,539,499,525,466,489,737,729,844,922,855,922,871,725]} 1. e4 c5 2. Nf3 d6 3. d4 cxd4 4. Nxd4 Nf6 5. Nc3 a6 6. h3 e5 7. Nde2 h5 {B90: Sicilian Najdorf: Unusual White 6th moves, 6 Be3 Ng4 and 6 Be3 e5} 8. g3 (8. Nd5 Nxd5 9. Qxd5 Nc6 10. Qd1 Be6 11. Nc3 Rc8 12. Be3 Ne7 13. Be2 d5 14. exd5 Nxd5 15. Nxd5 Qxd5 {½-½ (26) Wang,H (2730)-Giri,A (2783) St Petersburg 2018}) 8... Be6 9. Bg2 Nbd7 {The position is equal.} 10. a4 Be7 11. b3 Rc8 12. f4 {[#] Strongly threatening f5.} g6 13. Rf1 $146 {[%mdl 2048] And now f5 would win. White has the initiative.} ({Predecessor:} 13. a5 b5 14. O-O b4 15. Na4 {1-0 (33) Popov,I (2618)-Colon Garcia,E (2335) Benasque 2014}) 13... Nf8 (13... exf4 $1 $14 14. gxf4 Nh7) 14. f5 ({White should play} 14. Qd2 $16) 14... Bd7 $14 {With the idea ...gxf5.} 15. Be3 (15. fxg6 $16 {Threatens to win with g7.} fxg6 16. Qd3) 15... Bc6 $2 (15... gxf5 $15 {stays ahead.} 16. a5 (16. exf5 Bc6 $17) 16... Qc7) 16. a5 N8d7 17. Nd5 Bxd5 18. exd5 gxf5 (18... g5 $1 $14) 19. Rxf5 $16 Nf8 (19... Nc5 $16 {was necessary.}) 20. Qd2 Qc7 (20... N8d7 $16 21. O-O-O Qc7) 21. O-O-O $18 Rg8 22. Bb6 Qb8 (22... Qd7 $142 23. Rdf1 Qb5) 23. Rdf1 N8d7 24. Kb1 Rg6 25. Nc3 Kf8 (25... Rxg3 {was worth a try.} 26. Ne4 Rg6) 26. Ne4 {White is clearly winning.} Kg7 27. g4 hxg4 28. hxg4 {[#] Black must now prevent g5.} Rf8 29. g5 Nh5 (29... Nh7 $142 30. Bf3 Nxb6 31. axb6 Qd8) 30. Be3 Nf4 31. Bxf4 exf4 32. Qxf4 Ne5 33. Bf3 {Accuracy: White = 60%, Black = 30%.} 1-0

[Event "46th Roda Open 2019"]
[Site "La Roda"]
[Date "2019.04.17"]
[Round "1.5"]
[White "Prats Rodriguez, Juan Bosco"]
[Black "Forcen Esteban, Daniel"]
[Result "0-1"]
[WhiteElo "1959"]
[BlackElo "2567"]
[Annotator "TA"]
[PlyCount "90"]
[EventDate "2019.04.17"]
[EventType "swiss"]
[EventCountry "ESP"]
[SourceTitle "playchess.com"]
[Source "ChessBase"]
[SourceQuality "1"]

{[%evp 10,90,13,0,0,13,16,10,93,-6,124,-9,4,-56,-48,-47,-48,-38,-52,-86,-87,-93,-66,-85,-69,-66,-41,-58,-43,-112,-138,-145,-148,-151,-150,-142,-146,-192,-116,-124,-134,-132,-125,-157,-140,-201,-233,-254,-243,-289,-277,-261,-194,-172,-172,-172,-171,-170,-167,-167,-146,-146,-127,-163,-137,-203,-210,-205,-208,-202,-197,-430,-427,-759,-752,-736,-753,-804,-752,-5816,-5226,-1193,-1128]} 1. e4 c5 2. Nc3 a6 3. g3 b5 4. Bg2 Bb7 5. d3 e6 6. Nh3 d6 {B23: Closed Sicilian: Lines without g3} (6... b4 7. Ne2 d5 8. e5 Nc6 9. f4 Nh6 10. Nf2 Nf5 11. O-O Qb6 12. c3 Be7 13. g4 Nh4 14. Bh1 {0-1 (35) Yu,Y (2738)-Khismatullin,D (2639) Moscow 2017}) 7. O-O Be7 8. f4 Nf6 (8... b4 $11 {remains equal.}) 9. f5 (9. e5 $16 Bxg2 10. Kxg2) 9... b4 $146 (9... exf5 $11 10. Rxf5 O-O) ({Predecessor:} 9... exf5 10. Rxf5 Qb6 11. Be3 Nbd7 12. Rf1 b4 13. Nb1 d5 14. Nf4 dxe4 15. dxe4 {1-0 (35) Oyama,A (2198)-Nahnsen,K (2011) Douglas 2017}) 10. Na4 (10. fxe6 $16 fxe6 11. Nf4) 10... e5 11. g4 (11. Bd2 $11) 11... h6 12. a3 a5 13. b3 $1 Nc6 14. Bb2 Ra6 15. Bf3 Nd7 16. Kh1 Qa8 17. Qe2 Bg5 18. Kg1 Qa7 19. Rf2 (19. Nxg5 $15 hxg5 20. Qf2) 19... Bh4 $17 20. Rg2 c4+ 21. Kh1 c3 $36 {[%mdl 2048] Black has strong initiative.} 22. Bc1 Nd4 23. Qf1 f6 (23... Nxf3 $19 24. Qxf3 d5 $1 {[%mdl 512]}) 24. Be3 Bc6 25. Bxd4 Qxd4 26. axb4 axb4 27. Qg1 (27. Ng1 $17 {keeps fighting.}) 27... O-O $19 28. Qxd4 exd4 29. Nf4 Ne5 30. Be2 Rfa8 {[%cal Rc6a4]} 31. Nd5 Bxd5 ({Don't do} 31... Bxa4 32. Nxb4 Bb5 33. Nxa6 $17) 32. exd5 Re8 33. Bf1 Kf8 34. h3 Bg5 35. Re2 Be3 36. Bg2 Ke7 37. Be4 {[#]} (37. Kh2 $17 {is a better defense.}) 37... h5 $1 {[%mdl 512]} 38. gxh5 Rh8 39. Kg2 Rxh5 40. Rxe3 $2 (40. Ree1 {was called for.}) 40... dxe3 {Black is clearly winning.} 41. d4 (41. Re1 $142 Rg5+ 42. Kf1) 41... Rh4 42. dxe5 Rxe4 43. exd6+ Kxd6 44. Nxc3 Rxa1 45. Nxe4+ Kxd5 {Accuracy: White = 32%, Black = 56%.} 0-1

[Event "46th Roda Open 2019"]
[Site "La Roda"]
[Date "2019.04.17"]
[Round "1.6"]
[White "Solodovnichenko, Yuri"]
[Black "Martinez De Navascues, Francisco"]
[Result "1-0"]
[WhiteElo "2554"]
[BlackElo "1958"]
[Annotator "TA"]
[PlyCount "73"]
[EventDate "2019.04.17"]
[EventType "swiss"]
[EventCountry "ESP"]
[SourceTitle "playchess.com"]
[Source "ChessBase"]
[SourceQuality "1"]

{[%evp 14,73,-6,-4,31,-23,14,14,16,16,39,8,13,16,84,46,56,58,72,61,139,131,125,128,137,135,179,179,189,197,253,194,206,155,178,176,185,173,423,139,142,140,148,137,233,241,525,516,523,500,482,470,451,366,332,340,338,335,305,297,879,567]} 1. e4 e5 2. Nf3 Nc6 3. d4 exd4 4. Nxd4 Nf6 5. Nxc6 bxc6 6. e5 Qe7 7. Qe2 Nd5 8. c4 Qb4+ {C45: Scotch Game} (8... Ba6 9. b3 g6 10. g3 Bg7 11. Bb2 O-O 12. Bg2 Rae8 13. O-O Bxe5 14. Qxe5 Qxe5 15. Bxe5 Rxe5 16. cxd5 Bxf1 17. Kxf1 cxd5 18. Nc3 c6 19. Rd1 Rfe8 20. Bf3 Kf8 21. Ne2 {½-½ (41) Aronian,L (2765)-Amin,B (2709) Germany 2019}) 9. Kd1 (9. Nd2 $1 $14 Nf4 10. Qe3) 9... Ba6 (9... Ne7 {with more complications.} 10. Nc3 Rb8 11. a3 Qb6 12. Ke1 Qd4) 10. Qd2 Qxd2+ $146 {The position is equal.} ({Predecessor:} 10... Nb6 11. b3 O-O-O 12. Kc2 Qe7 13. f4 d6 14. Bd3 Kb7 15. exd6 cxd6 16. Re1 {1-0 (57) Yutuc,R-Balinas,R (2370) Greenhills 1997}) 11. Nxd2 Nf4 12. Nb3 Ne6 13. f4 $36 {[%mdl 2048] White is more active.} Nc5 (13... c5 $11 {keeps the balance.}) 14. Be3 Na4 15. Kc2 Nb6 16. Nd2 d5 (16... d6 $14) 17. c5 $16 Bxf1 18. Rhxf1 ({Worse is} 18. Nxf1 Nd7 $15) 18... Nd7 19. b4 Be7 20. Nb3 Nf8 21. f5 Kd7 (21... f6 $142) 22. g4 h6 23. Na5 Bg5 24. Rae1 a6 25. Bd4 Rh7 $2 {[#]} (25... Re8 {was called for.} 26. h3 Re7) 26. Kd3 $2 (26. e6+ $1 $18 {[%mdl 512] and the rest is easy.} Ke8 (26... fxe6 27. fxe6+) 27. Nxc6) 26... Re8 27. Rh1 Bh4 28. Reg1 Re7 (28... h5 $16 {keeps fighting.}) 29. a4 $18 Rh8 $2 {[#]} (29... f6) 30. b5 $1 {[%mdl 512]} cxb5 {Black hopes to continue with ...c6.} (30... axb5 31. axb5) 31. c6+ Ke8 32. axb5 axb5 33. Rb1 f6 34. e6 ({Don't do} 34. Rxb5 fxe5 35. Bc5 e4+ 36. Ke2 h5 $18) 34... Nxe6 35. fxe6 Rxe6 36. Rxb5 {Black must now prevent Rb8+.} Be1 $2 (36... Kf7 37. Rxd5 Ra8) 37. Rb8+ {Accuracy: White = 53%, Black = 30%.} 1-0

[Event "46th Roda Open 2019"]
[Site "La Roda"]
[Date "2019.04.17"]
[Round "1.7"]
[White "Gines Abad, Pedro"]
[Black "Grigoryan, Karen H."]
[Result "0-1"]
[WhiteElo "1958"]
[BlackElo "2545"]
[Annotator "TA"]
[PlyCount "68"]
[EventDate "2019.04.17"]
[EventType "swiss"]
[EventCountry "ESP"]
[SourceTitle "playchess.com"]
[Source "ChessBase"]
[SourceQuality "1"]

{[%evp 9,68,20,33,16,22,26,45,-95,85,59,71,16,49,16,25,21,38,-13,-10,0,0,0,0,-21,-19,-19,-18,-18,-20,-13,-8,-73,-44,-97,-93,-86,-68,-92,-86,-94,-57,-110,-90,-100,-87,-100,-47,-156,-164,-161,-153,-160,-151,-167,-169,-175,-157,-206,-219,-678,-687]} 1. d4 g6 2. e4 Bg7 3. c4 d6 4. Nc3 Nf6 5. Be3 Ng4 (5... O-O 6. f3 c5 7. Nge2 Nc6 8. d5 Ne5 9. Ng3 e6 10. Be2 b5 11. Nxb5 exd5 12. cxd5 Rb8 13. Qd2 h5 14. O-O h4 15. Nh1 h3 16. Ng3 hxg2 17. Kxg2 {½-½ (53) Sasikiran,K (2640)-Ding,L (2749) Danzhou 2015}) 6. Bg5 {E70: King's Indian: Miscellaneous lines with 4 e4, including 5 Nge2 and 5 Bd3 0-0 6 Nge2} h6 7. Bh4 Nc6 8. Be2 $146 (8. h3 $14 {was the only good move.} Nf6 9. f4) ({Predecessor:} 8. Nge2 g5 9. Bg3 e5 10. d5 Nd4 11. Qd2 f5 12. f3 Ne3 13. Nxd4 exd4 {0-1 (24) Bret,J (1585)-Lam,D (2138) Hong Kong 2015}) 8... Nf6 $2 {[#]} (8... Nxd4 $17 9. Bxg4 Bxg4 10. Qxg4 Nc2+ {[%mdl 64] Double Attack} 11. Kd2 Nxa1) 9. d5 Ne5 10. h3 (10. f4 $16 Neg4 11. Qd2) 10... c6 11. Nf3 Nxf3+ 12. Bxf3 {And now e5! would win.} O-O 13. e5 (13. Qd2 $14) 13... dxe5 $11 14. dxc6 bxc6 15. Qxd8 Rxd8 16. Bxf6 Bxf6 17. Bxc6 Rb8 18. Rd1 Rxd1+ 19. Nxd1 Rb6 20. Be4 (20. Bb5 $11) 20... Bg7 21. b3 (21. f3 $1 $15) 21... f5 $17 22. Bc2 Bb7 23. Rg1 e4 24. Ke2 f4 25. g3 {[#]} ({Better is} 25. Re1 $15) 25... f3+ $1 26. Kd2 Rd6+ 27. Kc1 Bd4 (27... a5 $17 28. h4 h5) 28. Re1 ({White must play} 28. b4 $1 $15) 28... Bc5 29. Bxe4 Re6 $36 {[%mdl 2048] Black is on the roll.} 30. Bxb7 Rxe1 31. Bxf3 Bxf2 $1 32. g4 Bc5 33. h4 e5 34. Kc2 $2 (34. Bd5+ Kg7 35. Kc2) 34... e4 {Accuracy: White = 27%, Black = 44%.} 0-1

[Event "46th Roda Open 2019"]
[Site "La Roda"]
[Date "2019.04.17"]
[Round "1.8"]
[White "Ibarra Jerez, Jose Carlos"]
[Black "Perez Guerra, Alberto"]
[Result "1-0"]
[WhiteElo "2542"]
[BlackElo "1958"]
[Annotator "TA"]
[PlyCount "69"]
[EventDate "2019.04.17"]
[EventType "swiss"]
[EventCountry "ESP"]
[SourceTitle "playchess.com"]
[Source "ChessBase"]
[SourceQuality "1"]

{[%evp 9,69,4,8,-23,-14,-6,-8,-15,-15,-5,31,32,50,55,47,54,56,55,55,62,69,64,86,85,91,87,107,108,141,113,120,81,84,86,81,73,139,130,167,168,172,174,180,197,216,208,225,225,233,244,273,272,257,272,291,286,319,306,297,290,290,258]} 1. e4 e5 2. Nf3 Nc6 3. d4 exd4 4. Nxd4 Nf6 5. Nxc6 bxc6 6. Qe2 {C45: Scotch Game} (6. e5 Qe7 7. Qe2 Nd5 8. c4 Ba6 9. b3 g6 10. g3 Bg7 11. Bb2 O-O 12. Bg2 Rae8 13. O-O Bxe5 14. Qxe5 Qxe5 15. Bxe5 Rxe5 16. cxd5 Bxf1 17. Kxf1 cxd5 18. Nc3 c6 19. Rd1 Rfe8 20. Bf3 Kf8 21. Ne2 {½-½ (41) Aronian,L (2765)-Amin,B (2709) Germany 2019}) 6... Bb4+ 7. c3 Bc5 $146 ({Predecessor:} 7... Be7 8. e5 Nd5 9. c4 {1-0 (44) Aubert,L (1945)-Gillis,S (1934) Agen 2016}) 8. e5 {The position is equal.} Nd5 9. c4 Bb4+ 10. Bd2 Nf4 11. Qe3 Bxd2+ 12. Nxd2 Ng6 13. Bd3 Qe7 14. O-O O-O 15. Rae1 f5 16. c5 a5 17. Qd4 Kh8 18. Nf3 {[%cal Bd2f3,Bf3g5,Bg5e6][%mdl 32]} Ba6 19. Bxa6 Rxa6 20. Rd1 Rd8 21. Qd3 Raa8 22. Qxf5 Qxc5 (22... Nf8 $142) 23. Ng5 $16 {Strongly threatening Nf7+.} Rf8 24. Qxd7 $40 {[%mdl 128] aiming for Ne6. Black is in trouble.} Nxe5 {[#]} 25. Qxg7+ $1 {[%mdl 576] Decoy} Kxg7 26. Ne6+ {[%mdl 64] Double Attack} Kf6 27. Nxc5 {f4 is the strong threat.} Rfd8 28. f4 Nc4 29. b3 Nd6 30. Rfe1 {White has a decisive advantage.} Re8 31. Kf2 h5 32. Kf3 Kf5 33. a4 Rab8 34. Rxe8 Rxe8 35. g3 {Accuracy: White = 89%, Black = 42%.} 1-0

[Event "46th Roda Open 2019"]
[Site "La Roda"]
[Date "2019.04.18"]
[Round "2.1"]
[White "Predke, Alexandr"]
[Black "Nicolas Zapata, Javier"]
[Result "1-0"]
[WhiteElo "2619"]
[BlackElo "2171"]
[Annotator "ChessBase"]
[PlyCount "83"]
[EventDate "2019.04.17"]
[EventType "swiss"]
[EventCountry "ESP"]
[SourceTitle "playchess.com"]
[Source "ChessBase"]
[SourceQuality "1"]
[TimeControl "5400+30"]

1. d4 {[%emt 0:00:00]} Nf6 {[%emt 0:03:08]} 2. Nf3 {[%emt 0:00:00]} g6 {[%emt 0:01:29]} 3. g3 {[%emt 0:00:00]} Bg7 {[%emt 0:00:13]} 4. Bg2 {[%emt 0:00:00]} d5 {[%emt 0:00:37]} 5. O-O {[%emt 0:01:06]} O-O {[%emt 0:00:07]} 6. c3 {[%emt 0:00:24]} Ne4 {[%emt 0:04:14]} 7. Bf4 {[%emt 0:01:33]} c5 {[%emt 0:05:46]} 8. dxc5 {[%emt 0:03:47]} Na6 {[%emt 0:07:38]} 9. Nbd2 {[%emt 0:01:12]} Naxc5 {[%emt 0:02:50]} 10. Nxe4 {[%emt 0:00:55]} Nxe4 {[%emt 0:14:41]} 11. Qb3 {[%emt 0:01:46]} Nc5 {[%emt 0:02:25]} 12. Qa3 {[%emt 0:03:49]} b6 {[%emt 0:03:59]} 13. Rfd1 {[%emt 0:21:06]} Bb7 {[%emt 0:01:22]} 14. c4 {[%emt 0:03:00]} d4 {[%emt 0:04:43]} 15. Nxd4 {[%emt 0:10:43]} Bxd4 {[%emt 0:10:03]} 16. Bxb7 {[%emt 0:01:21]} Nxb7 {[%emt 0:00:35]} 17. Bh6 {[%emt 0:02:05]} e5 {[%emt 0:16:54]} 18. e3 {[%emt 0:00:38]} Bc5 {[%emt 0:00:29]} 19. Rxd8 {[%emt 0:14:14]} Bxa3 {[%emt 0:00:03]} 20. Bxf8 {[%emt 0:00:03]} Rxd8 {[%emt 0:00:57]} 21. Bxa3 {[%emt 0:00:06]} Rd2 {[%emt 0:05:25]} 22. Bb4 {[%emt 0:04:46]} Rxb2 {[%emt 0:03:25]} 23. Bc3 {[%emt 0:00:06]} Rc2 {[%emt 0:00:03]} 24. Bxe5 {[%emt 0:00:03]} Nc5 {[%emt 0:00:05]} 25. Rd1 {[%emt 0:01:07]} f6 {[%emt 0:00:15]} 26. Bxf6 {[%emt 0:01:57]} Ne4 {[%emt 0:00:21]} 27. Rd8+ {[%emt 0:01:09]} Kf7 {[%emt 0:00:04]} 28. Bd4 {[%emt 0:00:02]} Nxf2 {[%emt 0:00:43]} 29. Rd7+ {[%emt 0:00:48]} Ke6 {[%emt 0:00:28]} 30. Rxa7 {[%emt 0:00:04]} Ng4 {[%emt 0:01:23]} 31. Rxh7 {[%emt 0:03:36]} g5 {[%emt 0:08:01]} 32. h4 {[%emt 0:10:25]} gxh4 {[%emt 0:02:56]} 33. gxh4 {[%emt 0:03:37]} Nh2 {[%emt 0:00:18]} 34. h5 {[%emt 0:01:28]} Rd2 {[%emt 0:00:38]} 35. Rh6+ {[%emt 0:00:21]} Kf5 {[%emt 0:00:23]} 36. Rf6+ {[%emt 0:00:57]} Kg4 {[%emt 0:00:03]} 37. h6 {[%emt 0:00:47]} Nf3+ {[%emt 0:01:13]} 38. Rxf3 {[%emt 0:01:52]} Kxf3 {[%emt 0:00:01]} 39. h7 {[%emt 0:00:06]} Rd1+ {[%emt 0:00:04]} 40. Kh2 {[%emt 0:00:01]} Rd2+ {[%emt 0:00:12]} 41. Kh3 {[%emt 0:00:02]} Rd1 {[%emt 0:01:09]} 42. Be5 {[%emt 0:00:01]} 1-0